000 00186 a2200097 4500
020 _a9500701536
041 _aspa
100 _aGuido Rodriguez Alcala
245 _aCaballero
942 _cBK
999 _c15635
_d15635